| 000 | 00909nam a22002055i 4500 | ||
|---|---|---|---|
| 001 | 156528 | ||
| 003 | ES-MaACL | ||
| 005 | 20230906210431.0 | ||
| 008 | 940202s1877 sp |||| | spa d | ||
| 040 |
_aCAM _bspa |
||
| 100 | 1 |
_aJusto y Villanueva, Luis. _9128413 |
|
| 245 | 1 | 0 |
_aTercera memoria que contiene los trabajos hechos acerca del aprovechamiento de las aguas que discurren por las alcantarillas de Madrid / _cpor Luis Justo y Villanueva. |
| 260 |
_aMadrid : _b[s.n.], _c1877 ( _fEst. Tip. de Eduardo Cuesta) |
||
| 300 |
_a72 p. ; _c26 cm. |
||
| 530 | _aDisponible en formato digital. | ||
| 650 | 4 |
_aAlcantarillado- _zMadrid. _9157007 |
|
| 650 | 4 |
_aAgua- _xReutilización- _zMadrid. _9157008 |
|
| 852 |
_aES-MaACL _jT-828-F-7 _z-- Enc. hol., conservando la enc. original _z-- Enc. en un vol. facticio |
||
| 856 |
_uhttp://bdh-rd.bne.es/viewer.vm?id=0000077371&page=1 _zBiblioteca Digital Hispánica |
||
| 999 |
_c156528 _d156528 |
||